Statistics for Controllers of Bahamas Throughout History

Click here to take the quiz!

General Stats

  • This quiz has been taken 36 times
  • The average score is 4 of 5

Answer Stats

Time PeriodAnswer% Correct
1973-Bahamas
100%
1492-1580Spain
97%
1640-1718Spain
97%
1718-1973United Kingdom
97%
1580-1640Iberian Union
35%

Score Distribution

Percentile by Number Answered

Percent of People with Each Score

Your Score History

You have not taken this quiz